000 00486nam a2200145 a 4500
001 000033004
005 20200930065951.0
008 110808s1938 dr 000 0 spa d
040 _aDO-SdBNP
_bspa
_cBNPHU
100 1 _aAmiama Gómez, Francisco
_958722
245 1 0 _aGeografía poética de la República Dominicana /
_cFrancisco Amiama Gómez.
260 _aCiudad Trujillo, República Dominicana :
_bTalleres de Cosmopolita,
_c1938.
300 _a32 p. :
_bil. ;
_c24 cm.
049 _aBNPD
999 _c32495
_d32495